Central Library OPAC University of Rajshahi
Normal view MARC view

Entry Personal Name

Number of records used in: 2

001 - CONTROL NUMBER

  • control field: 10426

003 - CONTROL NUMBER IDENTIFIER

  • control field: BD-RjUL

005 - DATE AND TIME OF LATEST TRANSACTION

  • control field: 20231207154926.0

008 - FIXED-LENGTH DATA ELEMENTS

  • fixed length control field: 231207|| aca||aabn | a|a d

040 ## - CATALOGING SOURCE

  • Original cataloging agency: BD-RjUL
  • Transcribing agency: BD-RjUL

100 ## - HEADING--PERSONAL NAME

  • Personal name: عثمان، محمد. /ʻUs̲mān, Muḥammad,
  • Dates associated with a name: 1922-

670 ## - SOURCE DATA FOUND

  • Source citation: Work cat.: (BD-RjUL)82428: عثمان، محمد. /ʻUs̲mān, Muḥammad, 1922-, حيات اقبال کا ايک جذباتى دور ;; Ḥayāt-i Iqbāl kā ek jaz̲abātī daur./, [1964]